| 000 | 01023nam a22002777a 4500 | ||
|---|---|---|---|
| 003 | DO-SdBNP | ||
| 005 | 20230815104151.0 | ||
| 007 | ta | ||
| 008 | 211108b2003 pr | 00| 0 spa d | ||
| 020 | _a1932271201 | ||
| 040 |
_aDO-SdBNP _bspa _cBPMSU |
||
| 082 | 4 |
_a301.15 _bH831M 2003 _2 22 |
|
| 100 | 1 | _aMori González, Roberto | |
| 245 | 1 | 0 |
_aHostos insepulto : _bensayos en la búsqueda de la utopía inconclusa / _cRoberto Mori González. |
| 260 |
_aSan Juan, Puerto Rico : _bIsla Negra, _c2003. |
||
| 300 |
_a199 p. ; _c 23 cm. |
||
| 490 | 0 | _aVisiones y cegueras | |
| 500 | _aIncluye datos biográficos del autor en la solapa de la cubierta. | ||
| 500 | _aIncluye referencias bibliográficas y notas al pie de las páginas. | ||
| 590 | _aInventariado, 2023 /VM | ||
| 600 | 1 | 4 |
_aHostos y Bonilla, Eugenio María de, _d1839-1903 _xPensamiento político y social |
| 650 | 4 | _aSociología política | |
| 651 | 4 |
_aPuerto Rico _xCondiciones sociales _2 |
|
| 910 | _aVMateo V. Control de calidad. BPMSU | ||
| 942 |
_2ddc _cBK |
||
| 999 |
_c14463 _d14463 |
||